[Event "Lille Luce op 3rd"]
[Site "Lille"]
[Date "2012.04.26"]
[Round "5"]
[White "Froment, Theophile"]
[Black "Cohen Solal, Leo"]
[Result "1-0"]
[WhiteElo "1900"]
[BlackElo "1765"]
[PlyCount "43"]
[EventDate "2012.04.23"]
[EventType "swiss"]
[EventRounds "8"]
[EventCountry "FRA"]
[SourceTitle "CBM 148 Extra"]
[Source "ChessBase"]
[SourceDate "2012.06.22"]
[SourceVersion "1"]
[SourceVersionDate "2012.06.22"]
[SourceQuality "1"]

1. e4 b6 2. d4 Bb7 3. Bd3 d6 4. Nf3 Nd7 5. Bf4 e6 6. Nc3 a6 7. Qd2 Ne7 8. 0-0 h6 9. h3 g5 10. Be3 f5 11. exf5 exf5 12. Rfe1 Bxf3 13. gxf3 Rg8 14. Qe2 Qc8 15. Kh2 Kd8 16. Bxf5 c6 17. Be6 Rg6 18. d5 Rxe6 19. dxe6 Nc5 20. Bxc5 bxc5 21. Rad1 Kc7 22. Rxd6 1-0

[Event "FRA-chT U20 16 GP Basse 1011"]
[Site "France"]
[Date "2011.06.13"]
[Round "11"]
[White "Malka, Samuel"]
[Black "Cohen Solal, Leo"]
[Result "1-0"]
[WhiteElo "2068"]
[BlackElo "1784"]
[PlyCount "71"]
[EventDate "2010.06.20"]
[EventType "team-tourn"]
[EventRounds "11"]
[EventCountry "FRA"]
[SourceTitle "EXT 2015"]
[Source "ChessBase"]
[SourceDate "2014.11.20"]
[SourceVersion "1"]
[SourceVersionDate "2014.11.20"]
[SourceQuality "1"]
[WhiteTeam "Lyon (U20)"]
[BlackTeam "Niort (U20)"]
[WhiteTeamCountry "FRA"]
[BlackTeamCountry "FRA"]

1. d4 Nf6 2. c4 g6 3. Nc3 Bg7 4. e4 d6 5. Nf3 0-0 6. Be2 Nbd7 7. 0-0 h6 8. e5 Nh7 9. e6 fxe6 10. Nh4 g5 11. Ng6 e5 12. Nxf8 Nhxf8 13. d5 Ng6 14. Bg4 Nf6 15. Bxc8 Qxc8 16. Qd3 Nh4 17. Qe2 Qf5 18. f3 Kh8 19. g3 Ng6 20. Bd2 Rg8 21. Ne4 Nh5 22. Rae1 Bf6 23. g4 Qd7 24. gxh5 Nf4 25. Bxf4 gxf4+ 26. Kh1 Bh4 27. Nf2 Qe8 28. Rg1 Bg3 29. hxg3 Qxh5+ 30. Kg2 Rxg3+ 31. Kf1 Rxf3 32. Qe4 Qh3+ 33. Rg2 Qh1+ 34. Ke2 Rxf2+ 35. Kxf2 Qh4+ 36. Kg1 1-0

[Event "FRA-chT U20"]
[Site "Mulhouse"]
[Date "2005.12.20"]
[Round "7"]
[White "Moncomble, Jeremy"]
[Black "Cohen Solal, Leo"]
[Result "0-1"]
[WhiteElo "1370"]
[BlackElo "1280"]
[PlyCount "52"]
[EventDate "2005.12.??"]
[EventType "team-tourn"]
[EventRounds "11"]
[EventCountry "FRA"]
[SourceTitle "EXT 2007"]
[Source "ChessBase"]
[SourceDate "2006.11.23"]
[SourceVersion "1"]
[SourceVersionDate "2006.11.23"]
[SourceQuality "1"]
[WhiteTeam "Bischwiller"]
[BlackTeam "Niort"]
[WhiteTeamCountry "FRA"]
[BlackTeamCountry "FRA"]

1. e4 c5 2. Nf3 d6 3. d4 cxd4 4. Nxd4 Nf6 5. Nc3 g6 6. Be2 Bg7 7. 0-0 0-0 8. Be3 Nc6 9. Re1 Bd7 10. Qd2 Rc8 11. Rad1 Ng4 12. Bxg4 Bxg4 13. Nce2 Na5 14. Bh6 Nc4 15. Qf4 Bxe2 16. Rxe2 e5 17. Qg5 Qxg5 18. Bxg5 exd4 19. Rxd4 Bxd4 20. c3 Bg7 21. b3 Ne5 22. Be7 Rfe8 23. Bxd6 Rcd8 24. Bc5 b6 25. Bb4 Rd1+ 26. Re1 Rxe1# 0-1

[Event "FRA-chT U20 0506"]
[Site "France"]
[Date "2005.11.13"]
[Round "3.9"]
[White "Savalle, Mathilde"]
[Black "Cohen Solal, Leo"]
[Result "1-0"]
[WhiteElo "1380"]
[BlackElo "1370"]
[PlyCount "59"]
[EventDate "2005.11.12"]
[EventType "team-tourn"]
[EventRounds "3"]
[EventCountry "FRA"]
[SourceTitle "CBM 109 Extra"]
[Source "ChessBase"]
[SourceDate "2006.01.03"]
[SourceVersion "2"]
[SourceVersionDate "2006.01.03"]
[SourceQuality "1"]

1. e4 c5 2. Nf3 d6 3. d4 cxd4 4. Nxd4 Nf6 5. Nc3 g6 6. Be2 Bg7 7. Be3 0-0 8. 0-0 Bd7 9. Qd2 Nc6 10. Nb3 Qc7 11. Bh6 Ng4 12. Bxg7 Kxg7 13. Rad1 d5 14. g3 dxe4 15. Qxd7 Qxd7 16. Rxd7 Rab8 17. Nxe4 Nge5 18. Rd2 e6 19. Rfd1 Nb4 20. a3 Nd5 21. f4 Nc6 22. Nec5 Rfd8 23. Kf2 b6 24. Ne4 f5 25. Ng5 e5 26. Ne6+ Kf6 27. Nxd8 Rxd8 28. Rxd5 Rxd5 29. Rxd5 Ke7 30. fxe5 1-0

[Event "FRA-chT U20a 0405"]
[Site "France"]
[Date "2005.05.16"]
[Round "10.7"]
[White "Cohen Solal, Leo"]
[Black "Aggoune, Audessa"]
[Result "0-1"]
[WhiteElo "1340"]
[BlackElo "1230"]
[PlyCount "98"]
[EventDate "2004.11.19"]
[EventType "team-tourn"]
[EventRounds "11"]
[EventCountry "FRA"]
[SourceTitle "EXT 2006"]
[Source "ChessBase"]
[SourceDate "2005.11.24"]
[SourceVersion "1"]
[SourceVersionDate "2005.11.24"]
[SourceQuality "1"]

1. e4 d5 2. exd5 Qxd5 3. Nc3 Qa5 4. d4 Nf6 5. Nf3 Bg4 6. Bd2 c6 7. Bc4 e6 8. Nd5 Qd8 9. Nxf6+ Qxf6 10. Bg5 Bxf3 11. Qxf3 Qxg5 12. 0-0 Bd6 13. Rfe1 0-0 14. Bb3 Qf4 15. Qxf4 Bxf4 16. g3 Bd6 17. c4 c5 18. dxc5 Bxc5 19. Bd1 Nc6 20. Bf3 Rab8 21. Rad1 Rfd8 22. Rxd8+ Rxd8 23. Bxc6 bxc6 24. a3 Rd2 25. Re5 Bxf2+ 26. Kf1 Bd4 27. Ra5 Rxh2 28. Ra4 Rxb2 29. c5 Bxc5 30. Rc4 Bxa3 31. Rxc6 g6 32. Rc8+ Kg7 33. Rc7 a5 34. Rc3 Bb4 35. Rd3 a4 36. g4 a3 37. g5 a2 38. Rd1 Bc3 39. Rc1 Rb1 40. Rxb1 axb1Q+ 41. Ke2 e5 42. Kf3 e4+ 43. Ke2 Qc2+ 44. Ke3 Qd3+ 45. Kf2 e3+ 46. Kf3 e2+ 47. Kg2 e1R 48. Kf2 Re2+ 49. Kf1 Qd1# 0-1

[Event "FRA-chT U20a 0405"]
[Site "France"]
[Date "2005.05.16"]
[Round "11.7"]
[White "Lantz, Robin"]
[Black "Cohen Solal, Leo"]
[Result "1-0"]
[WhiteElo "1240"]
[BlackElo "1340"]
[PlyCount "135"]
[EventDate "2004.11.19"]
[EventType "team-tourn"]
[EventRounds "11"]
[EventCountry "FRA"]
[SourceTitle "EXT 2006"]
[Source "ChessBase"]
[SourceDate "2005.11.24"]
[SourceVersion "1"]
[SourceVersionDate "2005.11.24"]
[SourceQuality "1"]

1. e4 e5 2. Nc3 Nf6 3. f4 exf4 4. e5 Qe7 5. Qe2 Ng8 6. Nf3 c6 7. d4 d6 8. Bxf4 dxe5 9. Qxe5 Qxe5+ 10. Nxe5 Bb4 11. Bc4 Be6 12. Bxe6 fxe6 13. 0-0 Nf6 14. Rae1 0-0 15. Bg5 Nd5 16. Rxf8+ Kxf8 17. Rf1+ Ke8 18. Nxd5 cxd5 19. c3 Bd6 20. b3 h6 21. Bh4 Bxe5 22. dxe5 Nd7 23. Bg3 Rc8 24. Rc1 d4 25. c4 b5 26. Bf2 d3 27. Bxa7 Nxe5 28. Bd4 bxc4 29. Bxe5 d2 30. Rd1 c3 31. Bxc3 Rxc3 32. Rxd2 Kf7 33. b4 Rc8 34. b5 Rb8 35. a4 Ke7 36. Rc2 Kd6 37. Rc6+ Kd5 38. Rc7 Ra8 39. b6 Rxa4 40. Ra7 Rb4 41. Rxg7 Rxb6 42. Rg6 Rb1+ 43. Kf2 e5 44. Rxh6 e4 45. Ke3 Rb3+ 46. Ke2 Kd4 47. Rd6+ Ke5 48. Rd8 e3 49. Rd3 Rxd3 50. Kxd3 Kf4 51. Ke2 Ke4 52. h4 Kf4 53. g3+ Kg4 54. Kxe3 Kf5 55. h5 Kg5 56. g4 Kf6 57. h6 Kg6 58. g5 Kf7 59. h7 Kg7 60. g6 Kh8 61. Kf4 Kg7 62. Kf5 Kh8 63. Ke6 Kg7 64. Ke7 Kh8 65. Ke6 Kg7 66. h8Q+ Kxh8 67. Kf6 Kg8 68. g7 1-0

[Event "FRA-chT U20a 0405"]
[Site "France"]
[Date "2005.05.15"]
[Round "8.10"]
[White "Cohen Solal, Leo"]
[Black "Vernay, Gaspard"]
[Result "1-0"]
[WhiteElo "1340"]
[BlackElo "1120"]
[PlyCount "141"]
[EventDate "2004.11.19"]
[EventType "team-tourn"]
[EventRounds "11"]
[EventCountry "FRA"]
[SourceTitle "EXT 2006"]
[Source "ChessBase"]
[SourceDate "2005.11.24"]
[SourceVersion "1"]
[SourceVersionDate "2005.11.24"]
[SourceQuality "1"]

1. e4 e6 2. d4 d5 3. exd5 exd5 4. Bd3 Nc6 5. Nf3 Nf6 6. Bf4 Bd6 7. Bxd6 Qxd6 8. 0-0 0-0 9. c3 g6 10. Qc2 Bg4 11. Nbd2 Ne4 12. Bxe4 dxe4 13. Qxe4 f5 14. Qc2 Qd5 15. Qb3 Qxb3 16. axb3 Rfe8 17. Rfe1 Bxf3 18. Nxf3 Re7 19. Rxe7 Nxe7 20. Re1 Nd5 21. Re5 Nf4 22. Re7 Nd5 23. Re5 Nf4 24. Re7 Rc8 25. Ne5 Rd8 26. Rxc7 Re8 27. Rxb7 h5 28. g3 Ne2+ 29. Kf1 Nc1 30. Nd7 Re7 31. Nf6+ Kf8 32. Rxe7 Kxe7 33. Nd5+ Kd6 34. Nb4 Nxb3 35. Ke2 a5 36. Na2 Kd5 37. Kd3 g5 38. c4+ Kd6 39. Kc3 a4 40. Kb4 Nd2 41. Kxa4 Nxc4 42. Kb3 Nd2+ 43. Kc2 Nf3 44. h3 Ng1 45. h4 g4 46. Kd3 Nh3 47. Ke3 Kd5 48. Nc3+ Kc4 49. Ne2 Kd5 50. Nf4+ Kd6 51. Nxh5 Ng1 52. Nf4 Nf3 53. h5 Ng5 54. h6 Ke7 55. b4 Kd7 56. Nh5 Kd6 57. b5 Kd5 58. Nf6+ Ke6 59. h7 Nf7 60. Ng8 Kd6 61. Nh6 Nh8 62. Nf7+ Nxf7 63. Kf4 Ke6 64. b6 Kf6 65. b7 Kg7 66. b8Q Kxh7 67. Kxf5 Nh8 68. d5 Nf7 69. Qf4 Kg7 70. Qxg4+ Kh6 71. Qg6# 1-0

[Event "FRA-chT U20a 0405"]
[Site "France"]
[Date "2005.05.14"]
[Round "8.7"]
[White "Cohen Solal, Leo"]
[Black "Paci, Nicolas"]
[Result "0-1"]
[WhiteElo "1340"]
[BlackElo "1510"]
[PlyCount "26"]
[EventDate "2004.11.19"]
[EventType "team-tourn"]
[EventRounds "11"]
[EventCountry "FRA"]
[SourceTitle "EXT 2006"]
[Source "ChessBase"]
[SourceDate "2005.11.24"]
[SourceVersion "1"]
[SourceVersionDate "2005.11.24"]
[SourceQuality "1"]

1. e4 c5 2. Nc3 d6 3. Bc4 Nf6 4. d3 e6 5. Bg5 Be7 6. f4 0-0 7. Nf3 Nc6 8. 0-0 a6 9. a3 b5 10. Ba2 Bb7 11. Qe1 Qc7 12. Qh4 Rac8 13. Nd1 c4 0-1

[Event "FRA-chT U20 0405"]
[Site "Agneaux"]
[Date "2004.12.19"]
[Round "4.9"]
[White "Kohi, Armand"]
[Black "Cohen Solal, Leo"]
[Result "1-0"]
[WhiteElo "1380"]
[BlackElo "1340"]
[PlyCount "73"]
[EventDate "2004.12.16"]
[EventType "team"]
[EventRounds "7"]
[EventCountry "FRA"]
[SourceTitle "EXT 2006"]
[Source "ChessBase"]
[SourceDate "2005.11.24"]
[SourceVersion "1"]
[SourceVersionDate "2005.11.24"]
[SourceQuality "1"]
[WhiteTeam "AECE"]
[BlackTeam "Niort"]
[WhiteTeamCountry "FRA"]
[BlackTeamCountry "FRA"]

1. d4 d5 2. c4 c6 3. Nc3 e6 4. Nf3 Bd6 5. Bd2 Nf6 6. Bg5 b6 7. e3 Bb7 8. Be2 Nbd7 9. Qc2 g6 10. Bh6 Ng4 11. Bf4 Qc7 12. Bxd6 Qxd6 13. a3 0-0-0 14. b4 Ndf6 15. c5 Qc7 16. a4 Nd7 17. cxb6 Nxb6 18. a5 Nc4 19. b5 Nxa5 20. bxc6 Bxc6 21. Nb5 Bxb5 22. Qxc7+ Kxc7 23. Ng5 Rd7 24. Bxb5 Nc6 25. Ke2 h6 26. Nf3 Rb8 27. Rab1 Kd6 28. Bxc6 Rxb1 29. Rxb1 Kxc6 30. h3 Nf6 31. Ne5+ Kd6 32. Nxd7 Kxd7 33. Rb7+ Kc6 34. Rxf7 Nd7 35. Re7 Kd6 36. Re8 Kc6 37. Rxe6+ 1-0

[Event "FRA-chT U20 0405"]
[Site "France"]
[Date "2004.11.21"]
[Round "3.10"]
[White "Cohen Solal, Leo"]
[Black "Catherine, Pierre Emmanuel"]
[Result "1-0"]
[WhiteElo "1340"]
[BlackElo "1290"]
[PlyCount "117"]
[EventDate "2004.11.20"]
[EventType "team-tourn"]
[EventRounds "11"]
[EventCountry "FRA"]
[SourceTitle "CBM 103 Extra"]
[Source "ChessBase"]
[SourceDate "2005.01.01"]
[SourceVersion "1"]
[SourceVersionDate "2005.01.01"]
[SourceQuality "1"]

1. e4 e5 2. d4 exd4 3. c3 dxc3 4. Bc4 cxb2 5. Bxb2 Nc6 6. Nf3 Nf6 7. Nbd2 Bb4 8. Qb3 Bxd2+ 9. Nxd2 Qe7 10. Ba3 d6 11. f3 Be6 12. 0-0 Nd4 13. Qc3 Ne2+ 14. Bxe2 0-0 15. e5 Nd5 16. Qd4 Qg5 17. Bc4 Ne3 18. Rf2 Nc2 19. Ne4 Qe3 20. Qxe3 Nxe3 21. Bxe6 fxe6 22. exd6 cxd6 23. Nxd6 Rfd8 24. Nxb7 Rd7 25. Nc5 Rd1+ 26. Rxd1 Nxd1 27. Re2 Nc3 28. Rc2 Nd1 29. Nxe6 Re8 30. Rd2 Nc3 31. Rd8 Kf7 32. Rxe8 Kxe8 33. Nxg7+ Kf7 34. Kf2 Kxg7 35. Bb2 h5 36. Bxc3+ Kg6 37. g4 h4 38. Kg2 Kg5 39. Kh3 a6 40. Bd2+ Kf6 41. Kxh4 Ke5 42. g5 Kf5 43. Kh5 Ke6 44. f4 Kf7 45. f5 Kg7 46. Bc3+ Kf7 47. g6+ Kf8 48. Kh6 Kg8 49. a3 Kf8 50. Kh7 Ke7 51. g7 Kf7 52. g8Q+ Ke7 53. f6+ Kd6 54. f7 Kd5 55. f8Q+ Ke4 56. Qa8+ Kd3 57. Qxa6+ Kxc3 58. Qd6 Kb2 59. Qb6+ 1-0